Hindu Views and Ways and the Hindu-Muslim Interface, an Anthropological Ass (Record no. 11242)

MARC details
000 -LEADER
fixed length control field 00658nam a2200241 a 4500
020 ## - INTERNATIONAL STANDARD BOOK NUMBER
ISBN
082 00 - DEWEY DECIMAL CLASSIFICATION NUMBER
Classification number 291.172
Author Cutter BHA
100 ## - MAIN ENTRY--AUTHOR NAME
Author name Bharati, Agehananda
245 ## - TITLE STATEMENT
Title Hindu Views and Ways and the Hindu-Muslim Interface, an Anthropological Ass
260 ## - PUBLICATION, DISTRIBUTION, ETC. (IMPRINT)
Place of publication Delhi
Name of publisher Munshiram Manoharlal Pub
Year of publication 1981
300 ## - PHYSICAL DESCRIPTION
Number of Pages 107p
500 ## - GENERAL NOTE
General note includes index and biblioraphy
505 2# - FORMATTED CONTENTS NOTE
Formatted contents note Index
650 ## - SUBJECT ADDED ENTRY--TOPICAL TERM
Topical Term Comparative-Religion Hinduism Islam
942 ## - ADDED ENTRY ELEMENTS (KOHA)
Koha item type Books
700 1# -
-- Bharati, Agehananda
Holdings
Collection code Home library Current library Date acquired Cost, normal purchase price Full call number Accession Number Koha item type
  Henry Martyn Institute Library Henry Martyn Institute Library 07/16/2007 100.00 291.172 BHA 019542 Books
                   Copyright © 2026 | Henry Martyn Institute | Hyderabad | TS-500052 | INDIA | Implemented by hmi.edu.in
Hit-Count:

Powered by Koha